Guia Practica de los embargos Tomo I y II / Trajano Vidal Potentini A. (Registro nro. 11551)
[ vista simple ]
| 000 -LEADER | |
|---|---|
| fixed length control field | 00771nam a22001931a 4500 |
| 001 - CONTROL NUMBER | |
| control field | 11551 |
| 003 - CONTROL NUMBER IDENTIFIER | |
| control field | OSt |
| 005 - DATE AND TIME OF LATEST TRANSACTION | |
| control field | 20260204212247.0 |
| 008 - FIXED-LENGTH DATA ELEMENTS--GENERAL INFORMATION | |
| fixed length control field | 130115s2003||||dr ||||||b||||||||||spa|| |
| 020 ## - NUMERO DE LIBRO INTERNACIONAL NORMALIZADO | |
| International Standard Book Number | RD 346.074 P848g |
| 100 ## - ASIENTO PRINCIPAL -- NOMBRE PERSONAL | |
| Personal name | Potentini Adamas Trajano Vidal |
| 245 ## - TÍTULO PROPIAMENTE DICHO: SUBTÍTULO | |
| Title | Guia Practica de los embargos Tomo I y II / Trajano Vidal Potentini A. |
| 264 ## - PRODUCTION, PUBLICATION, DISTRIBUTION, MANUFACTURE, AND COPYRIGHT NOTICE | |
| Place of production, publication, distribution, manufacture | República Dominicana : Ediciones Juridico Trajano Potentini |
| 300 ## - PHYSICAL DESCRIPTION | |
| Extensión | 574 P. |
| 500 ## - GENERAL NOTE | |
| General note | Tomo I: Introduccion a la via de ejecucion y a los embargos.Tomo II: Formularios, jurisprudencia y vocabulario en materia de embargo. |
| 505 ## - NOTA DE CONTENIDO | |
| Formatted contents note | Incluye Bibliografia |
| 650 ## - ASIENTO SECUNDARIO DE MATERIA -- TERMINO TEMÁTICO | |
| Termino Temático Como Elemento de Entrada | Embargos - Via de ejecucion. 2. Embargo - Formularios.3. Derecho Procesal Civil - Republica Dominicana.Ì |
| 942 ## - ADDED ENTRY ELEMENTS (KOHA) | |
| Source of classification or shelving scheme | Dewey Decimal Classification |
| Koha item type | Libros |
| Withdrawn status | Lost status | Source of classification or shelving scheme | Damaged status | Not for loan | Current library | Date acquired | Total Checkouts | Barcode | Date last seen | Price effective from | Koha item type |
|---|---|---|---|---|---|---|---|---|---|---|---|
| Dewey Decimal Classification | Biblioteca UTECO | 09/09/2019 | 016220 | 09/09/2019 | 09/09/2019 | Libros | |||||
| Dewey Decimal Classification | Biblioteca UTECO | 09/09/2019 | 016221 | 09/09/2019 | 09/09/2019 | Libros | |||||
| Dewey Decimal Classification | Biblioteca UTECO | 09/09/2019 | 016216 | 09/09/2019 | 09/09/2019 | Libros | |||||
| Dewey Decimal Classification | Biblioteca UTECO | 09/09/2019 | 016217 | 09/09/2019 | 09/09/2019 | Libros | |||||
| Dewey Decimal Classification | Biblioteca UTECO | 09/09/2019 | 016218 | 09/09/2019 | 09/09/2019 | Libros | |||||
| Dewey Decimal Classification | Biblioteca UTECO | 09/09/2019 | 016219 | 09/09/2019 | 09/09/2019 | Libros |
